000 00514nam a2200169Ia 4500
005 20250508160436.0
008 008 250505s9999 xx 000 0 eng d
037 _aBooks to be hide in OPAC
040 _aFEDL
_beng
_cFEDL
041 _aeng
_2eng
084 _a378.954, INT
_qFEDL
245 0 _aUniversities handbook : India & Ceylon
260 _aNew Delhi, India
_bInter University Board of India and Ceylon
_c1969
300 _a908p.
942 _cHB
_h378.954, INT
999 _c1364623
_d1364623